Statystyki dla Polskie numery kierunkowe

Kliknij tutaj aby rozwiązać quiz!

Ogólne statystyki

  • Ten quiz został rozwiązany 56 razy
  • Średni wynik to 18 z 49

Statystyki odpowiedzi

MiejscowośćNumer% Poprawnych
Warszawa22
80%
Kraków12
55%
Łódź42
50%
Poznań61
50%
Krosno13
45%
Tarnów14
45%
Nowy Sącz18
45%
Katowice32
45%
Bielsko-Biała33
45%
Kielce41
45%
Lublin81
45%
Biała Podlaska83
45%
Szczecin91
45%
Tarnobrzeg15
40%
Rzeszów17
40%
Radom48
40%
Gdańsk58
40%
Chełm82
40%
Przemyśł16
35%
Ciechanów23
35%
Płock24
35%
Częstochowa34
35%
Sieradz43
35%
Piotrków Trybunalski44
35%
Wrocław71
35%
Białystok85
35%
Olsztyn89
35%
Koszalin94
35%
Siedlce25
30%
Ostrołęka29
30%
Skierniewice46
30%
Bydgoszcz52
30%
Elbląg55
30%
Toruń56
30%
Kalisz62
30%
Konin63
30%
Jelenia Góra75
30%
Legnica76
30%
Zamość84
30%
Łomża86
30%
Suwałki87
30%
Słupsk59
25%
Leszno65
25%
Opole77
25%
Gorzów Wielkopolski95
25%
Piła67
20%
Zielona Góra68
20%
Wałbrzych74
20%
Włocławek54
15%

Rozkład punktacji

Percentyl według liczby udzielonych odpowiedzi

Procent ludzi z każdym wynikiem

Twoja historia wyników

Nie rozwiązałeś tego quizu